000 00602nam a2200193Ia 4500
008 140529s9999 xx 000 0 und d
020 _a9789712724428
050 _aJQ 1409.5.C6
_b.B64 2012
100 _aBondoc, Jarius.
245 _aExposes :
_binvestigative reporting for cleangovernment /
_cJarius Bondoc
260 _aPasig City, Philippines :
_bAnvil,
_cc2012.
300 _a237 p. ;
_c23 cm.
500 _aIncludes index.
521 _aGE
650 _aMisconduct in office
_xPhilippines.
650 _aPhilippines
_xPolitics and government.
942 _kLOC
_cBK
999 _c117725
_d117725